Three new earthworm species of the genus Metaphire Sims & Easton, 1972 (Oligochaeta, Megascolecidae) from Dong Nai Province, Vietnam /

Đã lưu trong:
Sonraí Bibleagrafaíochta
Príomhúdar: Nguyen Thanh Tung.
Údair Eile: Lam Hai Dang.
Formáid: Bài viết
Teanga:Vietnamese
Ábhair:
Clibeanna: Cuir Clib Leis
Gan Chlibeanna, Bí ar an gcéad duine leis an taifead seo a chlibeáil!
Thư viện lưu trữ: Thư viện Trường Đại học Đà Lạt
LEADER 00937nam a2200313 4500
001 DLU190190647
005 ##20190423
040 # # |a DLU  |b vie 
041 # # |a vie 
044 # # |a vn 
100 # # |a Nguyen Thanh Tung. 
245 # # |a Three new earthworm species of the genus Metaphire Sims & Easton, 1972 (Oligochaeta, Megascolecidae) from Dong Nai Province, Vietnam /  |c Nguyen Thanh Tung, Lam Hai Dang. 
653 # # |a Dong Nai 
653 # # |a Earthworms 
653 # # |a Megascolecidae 
653 # # |a Metaphire 
653 # # |a New species 
653 # # |a Vietnam 
700 # # |a Lam Hai Dang. 
773 # # |t Tạp chí Sinh học  |g Số 4, 2017, tr. 406-415 
920 # # |a Phòng Sau đại học -- Trung tâm Thông tin - Thư viện Trường Đại học Đà Lạt 
994 # # |a DLU 
900 # # |a True 
911 # # |a Hoàng Thị Huyền 
925 # # |a G 
926 # # |a A 
927 # # |a BB 
980 # # |a Thư viện Trường Đại học Đà Lạt